000 00501nam a2200205Ia 4500
003 OSt
005 20251212115757.0
008 250729s2005 xx 000 0 und d
020 _a978-1446276143
040 _cAL
041 _aeng
082 _a371.9104 DUBG
100 _aDubey Nath Mohan
_9226976
245 _aGifted and talented education
260 _aNew Delhi
_c2005
300 _a184p
650 _aSpecial Education
_9226977
700 _aRao Digumurthi
_9226978
942 _2ddc
_cBED
999 _c237488
_d237488